Final de norma /
Na minha lista:
| Autor principal: | |
|---|---|
| Formato: | Desconhecido |
| Idioma: | Spanish |
| Publicado em: |
San José, Costa Rica :
[editor no identificado],
c1910
|
| Assuntos: | |
| Tags: |
Adicionar Tag
Sem tags, seja o primeiro a adicionar uma tag!
|
MARC
| LEADER | 000000000a22000000004500 | ||
|---|---|---|---|
| 001 | 002947 | ||
| 041 | 0 | |a spa | |
| 082 | 0 | 4 | |a CR862.6 |b E78f |
| 100 | 1 | |a Escalante, Manuel | |
| 245 | 1 | 0 | |a Final de norma / |c Manuel Escalante. |
| 260 | 1 | |a San José, Costa Rica : |b [editor no identificado], |c c1910 | |
| 650 | 4 | |a TEATRO | |
| 999 | |c 9273 |d 9273 | ||
| 942 | |c BK |h CR862.6 E78f |2 z | ||
